000 01441nam a2200409 i 4500
001 25385
003 KOSZ 005
005 20220117143902.0
008 070730s1971 pl a f 000 0 pol
015 _aPB 1972/1515
040 _aWA N
_cWA N
_dKOSZ 005/RW
080 _a69
080 _a725
080 _a64.01
100 1 _aBąbiński, Czesław
_d(1915-1997)
_eAutor
245 1 0 _aMetody optymalizacji w projektowaniu planów generalnych zakładów przemysłowych /
_cC. Bąbiński, A. Chorobiński.
260 _aWarszawa :
_b"Arkady",
_c1971.
300 _a269, [3] stron, [2] karty tablic :
_bilustracje, errata ;
_c24 cm.
336 _aTekst
_btxt
_2rdacontent
337 _aBez urządzenia pośredniczącego
_bn
_2rdamedia
338 _aWolumin
_bnc
_2rdacarrier
380 _aKsiążki.
504 _aBibliografia na stronach 267-[270].
546 _aSpis treści także ang.
658 _aArchitektura i budownictwo
658 _aInżynieria i technika
650 4 _aBudownictwo
650 4 _aBudownictwo przemysłowe
650 4 _aProjekty
650 4 _aOptymalizacja
650 4 _aPrzemysł
650 4 _aProgramowanie liniowe
710 2 _aWydawnictwo Arkady
_4pbl.
700 1 _aChorobiński, Alfons
_eAutor
856 _uhttp://koha.tu.koszalin.pl/cgi-bin/koha/opac-detail.pl?biblionumber=25385
_yKatalog online BPK
942 _2UKD
_cKS
999 _c25385
_d25385